3M United Kingdom plc and another v Linklaters and Paines (a firm) (Record no. 77146)
[ view plain ]
| 000 -LEADER | |
|---|---|
| fixed length control field | 01251cab a2200193 4500 |
| 001 - CONTROL NUMBER | |
| control field | ##L133671 |
| 008 - FIXED-LENGTH DATA ELEMENTS--GENERAL INFORMATION | |
| fixed length control field | 060531n2006 000 0 eng u |
| 035 ## - SYSTEM CONTROL NUMBER | |
| System control number | (Sirsi) u133671 |
| 041 0# - LANGUAGE CODE | |
| Language code of text/sound track or separate title | eng |
| 245 00 - TITLE STATEMENT | |
| Title | 3M United Kingdom plc and another v Linklaters and Paines (a firm) |
| 260 ## - PUBLICATION, DISTRIBUTION, ETC. | |
| Date of publication, distribution, etc. | 2006 |
| 520 ## - SUMMARY, ETC. | |
| Summary, etc. | [2006] EWCA Civ 530, 3 May 2006. Considers an appeal against an order made in ([2005] EWHC 1382 (Ch), (2005) NPC 87) concerning a breach of duty action brought against Linklaters law firm that was ruled out of time. Linklaters did not dispute that it failed to advise 3M of a loss in break rights on leases following 3M's corporate restructuring. "Held": Appeal dismissed. 3M had issued proceedings three years and two days after becoming aware of the mistake - the relevant statutory limitation period was three years. (See also L130486.) |
| 590 ## - LOCAL NOTE (RLIN) | |
| Local note | IKA060606 |
| 650 24 - SUBJECT ADDED ENTRY--TOPICAL TERM | |
| Topical term or geographic name entry element | LIMITATION ACT 1980 S14A |
| 650 24 - SUBJECT ADDED ENTRY--TOPICAL TERM | |
| Topical term or geographic name entry element | 3M UNITED KINGDOM PLC AND ANOTHER V LINKLATERS AND PAINES |
| 690 ## - LOCAL SUBJECT ADDED ENTRY--TOPICAL TERM (OCLC, RLIN) | |
| Topical term or geographic name as entry element | PROPERTY-COMMERCIAL PROPERTY-LEASEHOLD COMMERCIAL PROPERTY-COMMERCIAL LANDLORD AND TENANT-COMMERCIAL LEASES |
| 856 40 - ELECTRONIC LOCATION AND ACCESS | |
| Uniform Resource Identifier | <a href="https://www.bailii.org/ew/cases/EWCA/Civ/2006/530.html">https://www.bailii.org/ew/cases/EWCA/Civ/2006/530.html</a> |
| Public note | View the judgment free of charge at www.baiili.org... |
| 942 ## - ADDED ENTRY ELEMENTS (KOHA) | |
| Suppress in OPAC | 0 |
| Withdrawn status | Lost status | Source of classification or shelving scheme | Damaged status | Not for loan | Home library | Current library | Shelving location | Date acquired | Total Checkouts | Full call number | Barcode | Date last seen | Copy number | Price effective from | Koha item type |
|---|---|---|---|---|---|---|---|---|---|---|---|---|---|---|---|
| Dewey Decimal Classification | Virtual | Virtual | Online | 31/05/2006 | ONLINE PUBLICATION | 133671-2001 | 06/08/2019 | 1 | 06/08/2019 | Law report |